MLB Top 5 NL Cy Young Voting 2020s - Statistics

General Stats
  • This quiz has been taken 56 times
    44 since last reset
  • The average score is 20 of 30
Answer Stats
Year Team Player % Correct
2024: 3 Pirates Paul Skenes
95%
2025: 1 Pirates Paul Skenes
95%
2024: 1 Braves Chris Sale
92%
2021: 3 Nationals/Dodgers Max Scherzer
89%
2023: 1 Padres Blake Snell
82%
2025: 2 Phillies Cristopher Sánchez
82%
2022: 1 Marins Sandy Alcantara
79%
2025: 3 Dodgers Yoshinobu Yamamoto
79%
2024: 2 Phillies Zack Wheeler
79%
2021: 1 Brewers Corbin Burnes
76%
2025: 5 Brewers Freddy Peralta
76%
2023: 2 Giants Logan Webb
76%
2025: 4 Giants Logan Webb
76%
2022: 4 Phillies Aaron Nola
71%
2020: 3 Mets Jacob deGrom
71%
2023: 4 Braves Spencer Strider
71%
2022: 5 Diamondbacks Zac Gallen
71%
2023: 3 Diamondbacks Zac Gallen
71%
2020: 1 Reds Trevor Bauer
66%
2024: 5 Cubs Shota Imanaga
63%
2020: 2 Cubs Yu Darvish
63%
2021: 5 Brewers Brandon Woodruff
58%
2020: 5 Braves Max Fried
55%
2022: 2 Braves Max Fried
55%
2022: 3 Dodgers Julio Urías
50%
2021: 4 Dodgers Walker Buehler
45%
2023: 5 Cubs Justin Steele
42%
2024: 4 Padres Dylan Cease
11%
2020: 4 Padres Dinelson Lamet
8%
2021: 2 Phillies Zack Wheeler
8%
No matching quizzes found
Score Distribution
Percent of People with Each Score
Percentile by Number Answered
Your Score History
You have not taken this quiz since the last reset